[Event "Muensterland Verbandsklasse-B 1112"]
[Site "Germany"]
[Date "2011.12.10"]
[Round "4.4"]
[White "Roewekamp, Helmut"]
[Black "Darwisch, Mohamed"]
[Result "0-1"]
[WhiteElo "1643"]
[BlackElo "1812"]
[PlyCount "36"]
[EventDate "2011.09.17"]
[EventType "team-tourn"]
[EventRounds "9"]
[EventCountry "GER"]
[SourceTitle "EXT 2013"]
[Source "ChessBase"]
[SourceDate "2012.11.22"]
[SourceVersion "1"]
[SourceVersionDate "2012.11.22"]
[SourceQuality "1"]
[WhiteTeam "Reckenfeld"]
[BlackTeam "Ahaus Wessum"]
[WhiteTeamCountry "GER"]
[BlackTeamCountry "GER"]

1. e4 c5 2. Nf3 e6 3. c3 d5 4. exd5 exd5 5. Bb5+ Nc6 6. d4 Be6 7. Ne5 Rc8 8. dxc5 Bxc5 9. 0-0 Nf6 10. Bg5 0-0 11. Ng4 Bxg4 12. Bxf6 Qxf6 13. Qxg4 a6 14. Ba4 Rce8 15. Nd2 Bd6 16. Nf3 Re4 17. Qg5 Qxg5 18. Nxg5 Rxa4 0-1

[Event "Muensterland Verbandsklasse-B 1112"]
[Site "Germany"]
[Date "2011.09.17"]
[Round "1.3"]
[White "Darwisch, Mohamed"]
[Black "Scharlow, Siegmar"]
[Result "1-0"]
[WhiteElo "1812"]
[BlackElo "1711"]
[PlyCount "55"]
[EventDate "2011.09.17"]
[EventType "team-tourn"]
[EventRounds "9"]
[EventCountry "GER"]
[SourceTitle "EXT 2013"]
[Source "ChessBase"]
[SourceDate "2012.11.22"]
[SourceVersion "1"]
[SourceVersionDate "2012.11.22"]
[SourceQuality "1"]
[WhiteTeam "Ahaus Wessum"]
[BlackTeam "Nienberge II"]
[WhiteTeamCountry "GER"]
[BlackTeamCountry "GER"]

1. e4 c5 2. Nf3 Nc6 3. d4 cxd4 4. Nxd4 Nf6 5. Nc3 g6 6. f4 d6 7. Nxc6 bxc6 8. e5 Bg4 9. Be2 Bxe2 10. Qxe2 dxe5 11. fxe5 Nd5 12. e6 f5 13. Qa6 Nb6 14. Be3 Bg7 15. Rd1 Bxc3+ 16. bxc3 Qc8 17. Qxc8+ Rxc8 18. Bd4 0-0 19. 0-0 Rfd8 20. Bc5 Kf8 21. g4 Rxd1 22. Rxd1 Nd5 23. gxf5 gxf5 24. c4 Nf6 25. Rf1 Rb8 26. Rxf5 Rb1+ 27. Kg2 Rb2 28. Rxf6+ 1-0

[Event "Muensterland Verbandsliga 0809"]
[Site "Germany"]
[Date "2008.12.13"]
[Round "4.5"]
[White "Darwisch, Mohamed"]
[Black "Kuempers, Ulrich"]
[Result "1-0"]
[WhiteElo "1963"]
[BlackElo "2125"]
[PlyCount "69"]
[EventDate "2008.09.20"]
[EventType "team-tourn"]
[EventRounds "9"]
[EventCountry "GER"]
[SourceTitle "EXT 2010"]
[Source "ChessBase"]
[SourceDate "2010.11.25"]
[SourceVersion "1"]
[SourceVersionDate "2010.11.25"]
[SourceQuality "1"]
[WhiteTeam "Ahaus Wessum"]
[BlackTeam "Rheine Klein Berlin"]
[WhiteTeamCountry "GER"]
[BlackTeamCountry "GER"]

1. Nf3 Nf6 2. g3 g6 3. Bg2 Bg7 4. d3 0-0 5. 0-0 c5 6. c3 d5 7. Qa4 Nc6 8. Qh4 Re8 9. Bh6 e5 10. Bg5 Qd6 11. Nbd2 e4 12. Bf4 Qf8 13. dxe4 dxe4 14. Ng5 h6 15. Ngxe4 g5 16. Bxg5 hxg5 17. Qxg5 Nxe4 18. Bxe4 Qe7 19. Qh5 Ne5 20. h3 Be6 21. Bh7+ Kf8 22. Ne4 Bd5 23. Ng5 Rad8 24. f4 Nd7 25. e4 Nf6 26. Qh4 Bc6 27. e5 Nxh7 28. Qxh7 Rd2 29. Rf2 Red8 30. Raf1 Qd7 31. e6 Qd5 32. Rf3 Rd3 33. exf7 Rxf3 34. Qg8+ Ke7 35. Re1+ 1-0

[Event "Muensterland Verbandsklasse-A 0708"]
[Site "Germany"]
[Date "2008.02.16"]
[Round "6.6"]
[White "Chilla, Jan Eric"]
[Black "Darwisch, Mohamed"]
[Result "1/2-1/2"]
[WhiteElo "1651"]
[BlackElo "1734"]
[PlyCount "46"]
[EventDate "2007.09.22"]
[EventType "team"]
[EventRounds "9"]
[EventCountry "GER"]
[SourceTitle "EXT 2009"]
[Source "ChessBase"]
[SourceDate "2008.11.26"]
[SourceVersion "1"]
[SourceVersionDate "2008.11.26"]
[SourceQuality "1"]
[WhiteTeam "Muenster SK IV"]
[BlackTeam "Ahaus Wessum"]
[WhiteTeamCountry "GER"]
[BlackTeamCountry "GER"]

1. d4 Nf6 2. Nf3 e6 3. c4 d5 4. Nc3 b6 5. g3 Bb7 6. Bg2 Nbd7 7. 0-0 Be7 8. Nd2 0-0 9. e4 Nxe4 10. Ndxe4 dxe4 11. Nxe4 Qc8 12. Qd3 f5 13. Ng5 Bxg2 14. Kxg2 Bxg5 15. Bxg5 e5 16. dxe5 Qb7+ 17. Qd5+ Qxd5+ 18. cxd5 Nxe5 19. Rfe1 Nd3 20. Re7 Rfd8 21. Rxc7 Rxd5 22. Bd2 Rc5 23. Rxc5 Nxc5 1/2-1/2

[Event "Muensterland Verbandsklasse-A 0506"]
[Site "Germany"]
[Date "2006.02.11"]
[Round "6.6"]
[White "Silies, Juergen"]
[Black "Darwisch, Mohamed"]
[Result "1/2-1/2"]
[WhiteElo "1722"]
[BlackElo "1825"]
[PlyCount "48"]
[EventDate "2005.09.03"]
[EventType "team"]
[EventRounds "9"]
[EventCountry "GER"]
[SourceTitle "EXT 2006"]
[Source "ChessBase"]
[SourceDate "2005.11.24"]
[SourceVersion "1"]
[SourceVersionDate "2005.11.24"]
[SourceQuality "1"]
[WhiteTeam "Ibbenbueren"]
[BlackTeam "Ahaus Wessum"]
[WhiteTeamCountry "GER"]
[BlackTeamCountry "GER"]

1. f4 g6 2. Nf3 Bg7 3. e3 d6 4. Bc4 d5 5. Be2 c5 6. 0-0 Nf6 7. Bb5+ Nbd7 8. Nc3 0-0 9. Ne2 Nb6 10. Ng3 c4 11. c3 Bg4 12. h3 Bxf3 13. Rxf3 Qd6 14. Ba4 Nfd7 15. Bxd7 Nxd7 16. d4 cxd3 17. Qxd3 Nc5 18. Qc2 e5 19. e4 Rad8 20. exd5 Qxd5 21. fxe5 Qd1+ 22. Qxd1 Rxd1+ 23. Rf1 Rxf1+ 24. Nxf1 Bxe5 1/2-1/2

[Event "Muensterland Verbandsklasse-A 0506"]
[Site "Germany"]
[Date "2006.01.21"]
[Round "5.6"]
[White "Darwisch, Mohamed"]
[Black "Kordel, Mathias"]
[Result "0-1"]
[WhiteElo "1825"]
[BlackElo "1965"]
[PlyCount "146"]
[EventDate "2005.09.03"]
[EventType "team"]
[EventRounds "9"]
[EventCountry "GER"]
[SourceTitle "EXT 2006"]
[Source "ChessBase"]
[SourceDate "2005.11.24"]
[SourceVersion "1"]
[SourceVersionDate "2005.11.24"]
[SourceQuality "1"]
[WhiteTeam "Ahaus Wessum"]
[BlackTeam "Buldern"]
[WhiteTeamCountry "GER"]
[BlackTeamCountry "GER"]

1. e4 e6 2. d4 d5 3. Nd2 Nf6 4. e5 Nfd7 5. Bd3 c5 6. c3 Nc6 7. Ne2 cxd4 8. cxd4 f6 9. exf6 Nxf6 10. Nf3 Bd6 11. 0-0 0-0 12. Nc3 Bd7 13. Re1 Qe8 14. Ne5 Nxd4 15. Bxh7+ Kxh7 16. Qxd4 Qh5 17. Bf4 Ng4 18. Bg3 Bxe5 19. Bxe5 Nxe5 20. Rxe5 Rf5 21. Re3 Qg6 22. Rae1 Qf6 23. Qd3 Kg8 24. R3e2 a6 25. Qg3 Rf8 26. Nd1 d4 27. Qd6 Bc8 28. f3 Rd5 29. Qg3 Rg5 30. Qf2 e5 31. h4 Rf5 32. Qg3 Re8 33. Nf2 Bd7 34. Ne4 Qb6 35. Kh2 Bb5 36. Rd2 Qh6 37. Kg1 Rf4 38. Qg5 Rxh4 39. Qxh6 Rxh6 40. Nc5 Bc6 41. f4 Rh5 42. fxe5 Rhxe5 43. Rxe5 Rxe5 44. Nb3 Bd5 45. Nxd4 Bxa2 46. b3 Bb1 47. Nf3 Rb5 48. Rd8+ Kf7 49. Rd7+ Kf6 50. Nd4 Rb4 51. g4 g6 52. Kf2 Ke5 53. Ke3 a5 54. Re7+ Kf6 55. Rd7 Ke5 56. Re7+ Kd6 57. Re6+ Kd5 58. Re7 Rb6 59. Rd7+ Kc5 60. Rc7+ Kd6 61. Rf7 Ba2 62. Rf6+ Kc5 63. Rxb6 Kxb6 64. Kd3 Kc5 65. Kc3 Bb1 66. Ne6+ Kd6 67. Nd8 Be4 68. Kd4 Bd5 69. g5 b6 70. Kc3 Kc7 71. Kd4 Bxb3 72. Ke5 Kxd8 73. Kf6 Bc2 0-1

[Event "Muensterland Verbandsklasse-A 0506"]
[Site "Germany"]
[Date "2005.11.05"]
[Round "2.6"]
[White "Heine, Rolf"]
[Black "Darwisch, Mohamed"]
[Result "1/2-1/2"]
[WhiteElo "2029"]
[BlackElo "1825"]
[PlyCount "27"]
[EventDate "2005.09.03"]
[EventType "team"]
[EventRounds "9"]
[EventCountry "GER"]
[SourceTitle "EXT 2006"]
[Source "ChessBase"]
[SourceDate "2005.11.24"]
[SourceVersion "1"]
[SourceVersionDate "2005.11.24"]
[SourceQuality "1"]
[WhiteTeam "Sendenhorst"]
[BlackTeam "Ahaus Wessum"]
[WhiteTeamCountry "GER"]
[BlackTeamCountry "GER"]

1. c4 Nf6 2. g3 e6 3. Nf3 a6 4. Bg2 b5 5. b3 Bb7 6. Bb2 Be7 7. 0-0 0-0 8. e3 d6 9. d4 Nbd7 10. Nbd2 Ra7 11. Qe2 Qa8 12. Ne1 Bxg2 13. Nxg2 Nb6 14. a4 1/2-1/2

[Event "Muensterland Verbandsklasse-A 0405"]
[Site "Muensterland"]
[Date "2004.11.06"]
[Round "3.2"]
[White "Berger, Alfred Josef"]
[Black "Darwisch, Mohamed"]
[Result "1/2-1/2"]
[WhiteElo "1850"]
[BlackElo "1821"]
[PlyCount "62"]
[EventDate "2004.09.11"]
[EventType "team"]
[EventRounds "9"]
[EventCountry "GER"]
[SourceTitle "EXT 2006"]
[Source "ChessBase"]
[SourceDate "2005.11.24"]
[SourceVersion "1"]
[SourceVersionDate "2005.11.24"]
[SourceQuality "1"]
[WhiteTeam "Heiden II"]
[BlackTeam "Ahaus Wessum"]
[WhiteTeamCountry "GER"]
[BlackTeamCountry "GER"]

1. d4 Nf6 2. c4 e6 3. Nf3 c5 4. Nc3 cxd4 5. Nxd4 Bb4 6. Bd2 a6 7. Rc1 Nc6 8. Nxc6 dxc6 9. a3 Be7 10. g3 0-0 11. Bg2 Qc7 12. Qc2 e5 13. 0-0 Be6 14. Na4 Nd7 15. e4 f5 16. exf5 Bxf5 17. Be4 Bxe4 18. Qxe4 Rad8 19. Qe2 Qd6 20. Rcd1 Qe6 21. Nc3 Qh3 22. Ne4 Nc5 23. Bc3 Rxd1 24. Rxd1 Qf5 25. Nxc5 Bxc5 26. Rf1 e4 27. b4 Bd6 28. Re1 h5 29. Bd4 c5 30. bxc5 Bxc5 31. Qe3 Bxd4 1/2-1/2

[Event "Muensterland Verbandsliga 0304"]
[Site "Germany"]
[Date "2003.11.08"]
[Round "3.3"]
[White "Darwisch, Mohamed"]
[Black "Katz, Rafael Marcos"]
[Result "1/2-1/2"]
[WhiteElo "1852"]
[BlackElo "1947"]
[PlyCount "71"]
[EventDate "2003.09.27"]
[EventType "team"]
[EventRounds "9"]
[EventCountry "GER"]
[SourceTitle "EXT 2005"]
[Source "ChessBase"]
[SourceDate "2004.11.15"]
[SourceVersion "1"]
[SourceVersionDate "2004.11.15"]
[SourceQuality "1"]
[WhiteTeam "Ahaus Wessum"]
[BlackTeam "Bocholt"]
[WhiteTeamCountry "GER"]
[BlackTeamCountry "GER"]

1. e4 c6 2. d4 d5 3. exd5 cxd5 4. c4 Nc6 5. Nf3 Nf6 6. Nc3 e6 7. cxd5 Nxd5 8. Bd3 Be7 9. 0-0 0-0 10. Re1 b6 11. Be4 Bb7 12. Bxd5 exd5 13. Bf4 Rc8 14. Qd3 Nb4 15. Qf5 g6 16. Qe5 Re8 17. Bh6 Bf6 18. Qf4 Re4 19. Nxe4 dxe4 20. Bg5 Nd5 21. Bxf6 Nxf4 22. Bxd8 exf3 23. Re8+ Kg7 24. gxf3 Ne6 25. Rxe6 fxe6 26. Bg5 Bxf3 27. Rc1 Rxc1+ 28. Bxc1 Kf6 29. h4 Kf5 30. Kh2 Bd5 31. a3 Ke4 32. Be3 Kf3 33. Kh3 Be4 34. h5 gxh5 35. Kh4 Bg6 36. b4 1/2-1/2

[Event "Muensterland Verbandsliga 0203"]
[Site "Muensterland"]
[Date "2002.12.07"]
[Round "4.4"]
[White "Darwisch, Mohamed"]
[Black "Smit, Erik"]
[Result "1/2-1/2"]
[WhiteElo "1820"]
[BlackElo "2153"]
[PlyCount "52"]
[EventDate "2002.09.21"]
[EventType "team"]
[EventRounds "9"]
[EventCountry "GER"]
[SourceTitle "EXT 2004"]
[Source "ChessBase"]
[SourceDate "2003.11.25"]
[SourceVersion "1"]
[SourceVersionDate "2003.11.25"]
[SourceQuality "1"]
[WhiteTeam "Ahaus Wessum"]
[BlackTeam "Emsdetten Turm II"]
[WhiteTeamCountry "GER"]
[BlackTeamCountry "GER"]

1. e4 e5 2. Nf3 d5 3. exd5 Bd6 4. Bb5+ Bd7 5. Qe2 Qe7 6. Nc3 Nf6 7. 0-0 0-0 8. Bxd7 Nbxd7 9. d3 h6 10. Nh4 Nb6 11. Nf5 Qd7 12. Qf3 Kh7 13. Nxh6 Nfxd5 14. Nxd5 Nxd5 15. Nf5 Qe6 16. Re1 Ne7 17. Nxe7 Qxe7 18. d4 Rae8 19. Re4 f5 20. Qh5+ Kg8 21. Rh4 exd4 22. Qh7+ Kf7 23. Qxf5+ Kg8 24. Qh7+ Kf7 25. Qf5+ Kg8 26. Qh7+ Kf7 1/2-1/2

[Event "Muensterland Verbandsliga 0203"]
[Site "Muensterland"]
[Date "2002.11.16"]
[Round "3.4"]
[White "Langhanke, Guenther"]
[Black "Darwisch, Mohamed"]
[Result "1-0"]
[WhiteElo "2108"]
[BlackElo "1820"]
[PlyCount "107"]
[EventDate "2002.09.21"]
[EventType "team"]
[EventRounds "9"]
[EventCountry "GER"]
[SourceTitle "EXT 2004"]
[Source "ChessBase"]
[SourceDate "2003.11.25"]
[SourceVersion "1"]
[SourceVersionDate "2003.11.25"]
[SourceQuality "1"]
[WhiteTeam "Rheine CC"]
[BlackTeam "Ahaus Wessum"]
[WhiteTeamCountry "GER"]
[BlackTeamCountry "GER"]

1. e4 g6 2. Nc3 Bg7 3. f4 d6 4. Nf3 Nc6 5. Bc4 e5 6. d3 Nf6 7. 0-0 0-0 8. fxe5 dxe5 9. Bg5 h6 10. Bh4 Na5 11. Bb3 c6 12. Qd2 Nxb3 13. axb3 Kh7 14. Kh1 Qd6 15. Bf2 Qb8 16. d4 Nh5 17. Nxe5 Bxe5 18. dxe5 Qxe5 19. Rxa7 Rxa7 20. Bxa7 Be6 21. Be3 g5 22. Qf2 Rd8 23. Qf3 g4 24. Qe2 g3 25. Rf5 Bxf5 26. Qxh5 Qe6 27. Qxf5+ Qxf5 28. exf5 gxh2 29. Kxh2 Re8 30. Bf4 b5 31. b4 h5 32. Kg3 Rg8+ 33. Kf3 Re8 34. Ne4 Ra8 35. Nf6+ Kh8 36. Nxh5 Ra4 37. Be5+ Kh7 38. Bc3 Kh6 39. Nf6 Kg5 40. g4 Ra1 41. Ne4+ Kh4 42. Bf6+ Kh3 43. Ng5+ Kh2 44. Be5+ Kh1 45. Nxf7 Rf1+ 46. Ke4 Rf2 47. f6 Rxc2 48. g5 Re2+ 49. Kf5 Rf2+ 50. Ke6 Rg2 51. Kd6 Rg4 52. Kxc6 Rxb4 53. g6 Rg4 54. g7 1-0